000 01441nam a2200205 a 4500
001 000012769
005 20200929163054.0
008 150130s1999 dr ac r 000 0 spa d
020 _a8484002853 (v. 5)
040 _aDO-SdBNP
_bspa
_cBNPHU
082 _axxxx
_bxxxx
245 0 0 _aLengua y literatura :
_beducación básica /
_cdirección editorial Lourdes Camilo de Cuello.
250 _a4a. ed.
260 _aSanto Domingo :
_bVincens Vives,
_c1999
_fTaller
300 _a8 v. :
_bil., retrs. ;
_c28 cm.
500 _aeducación básica
500 _aLa biblioteca solamente posee el volumen 5.
505 1 _av. 5 :
_gunidad 1 --
_tRevista "La Escue" --
_gunidad 2 --
_tLa conquista del fuego --
_gunidad 3 --
_tLos tres pretendientes --
_gunidad 4 --
_tConcurso --
_gunidad 5 --
_tDatos biográficos de Juan P. Duarte --
_gunidad 6 --
_tEl secuestro de la bibliotecaria --
_gunidad 7 --
_tEl adivino --
_gunidad 8 --
_tInvitación a la poesía --
_gunidad 9 --
_tNuestro amigo el leopardo --
_gunidad 10 --
_tEl hombrecito vestido de gris --
_gunidad 11 --
_t"Bien puede ser" --
_gunidad 12 --
_tLas huellas secretas --
_gunidad 13 --
_tAterrizaje en la luna --
_gunidad 14 --
_tEl gigante y el enano --
_gunidad 15 --
_tAquellos pobres fantasmas --
_gunidad 16 --
_tCómo Till enseña a leer a un asno --
_gunidad 17 --
_tMateriales de infancia --
_gunidad 18 --
_tEl carnaval dominicano --
_tApéndice gramatical --
700 1 2 _aCamilo de Cuello, Lourdes,
_edir. ed.
_913081
999 _c12420
_d12420